| 000 | 00360nam a2200121 4500 | ||
|---|---|---|---|
| 008 | 180215b xxu||||| |||| 00| 0 eng d | ||
| 100 |
_926556 _aLedesma, Bea J. |
||
| 245 |
_aHow quitting sugar changes my skin/ _cBea J. Ledesma |
||
| 260 |
_aPhilippines _bPhilippine Daily Inquirer _cc2016 |
||
| 300 | _apage B3-i. | ||
| 650 | 0 |
_926557 _aDiabetes. |
|
| 942 |
_2ddc _cPER |
||
| 999 |
_c8682 _d8682 |
||